000 00312 a2200109 4500
001 ART_47598
005 20260410161630.0
008 260409a
245 1 0 _aRSE: análisis económico, costos y beneficios
100 1 _aSmolje, Alejandro R.
773 0 _tEnfoques
_g- N°9 (sep. 2018)
_wREV416
999 _c12407
_d12407